Kubja sundari. (Record no. 114062)

MARC details
000 -LEADER
fixed length control field 00561nam a2200205Ia 4500
003 - CONTROL NUMBER IDENTIFIER
control field OSt
005 - DATE AND TIME OF LATEST TRANSACTION
control field 20251004101735.0
008 - FIXED-LENGTH DATA ELEMENTS--GENERAL INFORMATION
fixed length control field 210210b1984 xxu||||| |||| 00| 0 eng d
040 ## - CATALOGING SOURCE
Transcribing agency AL
041 ## - LANGUAGE CODE
Language code of text/sound track or separate title Kannada
082 ## - DEWEY DECIMAL CLASSIFICATION NUMBER
Classification number K894.9 BHAK
100 ## - MAIN ENTRY--PERSONAL NAME
Personal name BHAT (Ke En).
Dates associated with a name ಭಟ್ (ಕೆ ಎನ್ )
9 (RLIN) 241522
245 ## - TITLE STATEMENT
Title Kubja sundari.
Remainder of title ಕುಬ್ಜ ಸುಂದರಿ
260 ## - PUBLICATION, DISTRIBUTION, ETC.
Place of publication, distribution, etc. Kinnigoli
Name of publisher, distributor, etc. Yugapurusha Prakatanalaya
Date of publication, distribution, etc. 1984
300 ## - PHYSICAL DESCRIPTION
Extent 10
650 ## - SUBJECT ADDED ENTRY--TOPICAL TERM
Topical term or geographic name entry element Rajaji
9 (RLIN) 241523
690 ## - LOCAL SUBJECT ADDED ENTRY--TOPICAL TERM (OCLC, RLIN)
Topical term or geographic name as entry element Kannada Criticism
9 (RLIN) 241524
906 ## - LOCAL DATA ELEMENT F, LDF (RLIN)
a SG03206
942 ## - ADDED ENTRY ELEMENTS (KOHA)
Source of classification or shelving scheme Dewey Decimal Classification
Koha item type Special Grants
Holdings
Withdrawn status Lost status Source of classification or shelving scheme Damaged status Not for loan Collection code Home library Current library Shelving location Date acquired Cost, normal purchase price Total Checkouts Full call number Barcode Date last seen Price effective from Koha item type
    Dewey Decimal Classification     Kannada St Aloysius Library St Aloysius Library   02/17/2021 0.00   K894.9 BHAK SG03206 02/17/2021 02/17/2021 Special Grants